| 000 | 00000nas 2200000zi 4500 |
| 001 | 9.921188 |
| 003 | CaOODSP |
| 005 | 20230331070806 |
| 006 | m o d f |
| 007 | cr ||||||||||| |
| 008 | 230320d1972uuuuonc x m o f0###|0eng|d |
| 040 | |aCaOODSP|beng|erda|cCaOODSP |
| 043 | |an-cn--- |
| 086 | 1 |aA58-5E-PDF |
| 130 | 0 |aContribution (Canada. Agriculture Canada. Engineering Research Service) |
| 245 | 10|aContribution. |
| 264 | 1|a[Ottawa] : |bAgriculture Canada, Engineering Research Service |
| 310 | |aIrregular |
| 336 | |atext|btxt|2rdacontent |
| 337 | |acomputer|bc|2rdamedia |
| 338 | |aonline resource|bcr|2rdacarrier |
| 588 | |aDescription based on: no. 299. |
| 650 | 0|aAgriculture|xResearch|zCanada. |
| 710 | 1 |aCanada. |bAgriculture Canada. |bEngineering Research Service, |eissuing body. |
| 780 | 00|tContribution.|w(CaOODSP)9.921103 |